000 00643nmm a2200181Ia 4500
008 251105s9999||||xx |||||||||||||||||und||
020 _a9789587165289
041 _aspa
100 _aSamper, Mario
245 0 _aCrisis y transformaciones del mundo del café :
_b Dinámicas locales y estrategias nacionales en un periodo de adversidad e incertidumbre
264 _a[Bogotá, Colombia] :
_bEditorial Pontificia Universidad Javeriana,
_c2012
300 _a330 páginas
650 _aEconomics and Business
700 _aSamper, Mario
700 1 _a Topik, Steven
856 _uhttps://public.digitaliapublishing.com/a/19509
942 _cCF
999 _c71026
_d71026